Statistics for Countries Directly East or West from New York City

Click here to take the quiz!

General Stats

  • This quiz has been taken 55 times
    (45 since last reset)
  • The average score is 14 of 17

Answer Stats

Countries% Correct
Spain
100%
China
94%
Italy
94%
Portugal
94%
Greece
91%
Turkey
91%
Japan
88%
Albania
82%
North Korea
82%
Armenia
79%
Azerbaijan
79%
Kazakhstan
79%
Kyrgyzstan
79%
Tajikistan
79%
Turkmenistan
73%
Uzbekistan
73%
Northern Macedonia
9%

Score Distribution

Percentile by Number Answered

Percent of People with Each Score

Your Score History

You have not taken this quiz since the last reset